Mondialisation : (Record no. 49671)
[ view plain ]
| 000 -LEADER | |
|---|---|
| fixed length control field | 00761nam a22002177a 4500 |
| 003 - CONTROL NUMBER IDENTIFIER | |
| control field | 0 |
| 005 - DATE AND TIME OF LATEST TRANSACTION | |
| control field | 20160609170811.0 |
| 008 - FIXED-LENGTH DATA ELEMENTS--GENERAL INFORMATION | |
| fixed length control field | 110824t xxu||||| |||| 00| 0 eng d |
| 020 ## - NUMERO INTERNATIONAL NORMALISE DES LIVRES | |
| International Standard Book Number | 978-2-8028-0185-6 |
| 040 ## - SOURCE DU CATALOGAGE | |
| Original cataloging agency | BUAC |
| Language of cataloging | Fre |
| Transcribing agency | BUC |
| 041 ## - CODE DE LANGUE | |
| Language code of text/sound track or separate title | Fre |
| 100 ## - VEDETTE PRINCIPALE - NOM DE PERSONNE | |
| Personal name | Dillens, Anne-Marie |
| 9 (RLIN) | 18487 |
| 245 ## - TITLE STATEMENT | |
| Title | Mondialisation : |
| Remainder of title | Utopie, fatalité, alternatives |
| Statement of responsibility, etc | sous la dir. de Anne-Marie Dillens |
| 260 ## - PUBLICATION, DISTRIBUTION, ETC. (IMPRINT) | |
| Place of publication, distribution, etc | Bruxelles : |
| Name of publisher, distributor, etc | Ed. de la Facultés Universitaires Saint-Louis |
| Date of publication, distribution, etc | 2008 |
| 300 ## - PHYSICAL DESCRIPTION | |
| Extent | 196p. |
| Dimensions | 24 cm. |
| 440 ## - SERIES STATEMENT/ADDED ENTRY--TITLE | |
| Title | (Publications des Facultés Universitaires Saint-Louis. Philosophie |
| Number of part/section of a work | 120) |
| 9 (RLIN) | 18489 |
| 504 ## - BIBLIOGRAPHY, ETC. NOTE | |
| Bibliography, etc | Comprend Bibliogr. p. 179 - 183 |
| 630 ## - SUBJECT ADDED ENTRY--UNIFORM TITLE | |
| Uniform title | SCIENCES SOCIALES |
| 9 (RLIN) | 18491 |
| 650 ## - SUBJECT ADDED ENTRY--TOPICAL TERM | |
| Topical term or geographic name as entry element | Développement : mondialisation |
| 9 (RLIN) | 18493 |
| 942 ## - ADDED ENTRY ELEMENTS (KOHA) | |
| Koha item type | Livre |
No items available.